000 00552 a2200205 4500
003 0000
005 20260401121549.0
020 _a9781394166367
040 _erda
050 _aG70.217 .G46 2024
100 _4Editor
_aKanga, Shruti
_qet al.
245 _aGeospatial Technology For Natural Resource Management/
_cKanga, Shruti Et al.
260 _aUSA
_bScrivener
_c2024
264 _aUSA
_bScrivener
_c2024
300 _aXXVI, 453PP.
_bill.:
336 _2rdacontent
338 _2rdacarrier
500 _aIndex and references
942 _2lcc
_cBK
999 _c44237
_d44237